logo

Bir Sreshtho Munshi Abdur Rouf Library
Jhenaidah Cadet College

General certificate English / (Record no. 8726)

MARC details
000 -LEADER
fixed length control field 00671nam a22002413a 4500
001 - CONTROL NUMBER
JCCL Control Number 8726
003 - CONTROL NUMBER IDENTIFIER
JCCL marc code BD - JhCC
005 - DATE AND TIME OF LATEST TRANSACTION
control field 20180303171130.0
008 - FIXED-LENGTH DATA ELEMENTS--GENERAL INFORMATION
fixed length control field 500101s1983 xx 000 0 und d
020 ## - INTERNATIONAL STANDARD BOOK NUMBER
International Standard Book Number 0174203403
035 ## - SYSTEM CONTROL NUMBER
system control number (BD - JhCC)8726
040 ## - CATALOGING SOURCE
Original cataloging agency EQO
Transcribing agency EQO
Modifying agency BD-JhCC
041 ## - LANGUAGE CODE
Language code of Book eng
082 ## - DEWEY DECIMAL CLASSIFICATION NUMBER
Author mark and Year ETH 1983
DDC Edition number 22
Classification number 428.24
100 1# - MAIN ENTRY--PERSONAL NAME
Personal name Etherton, Alan
245 10 - TITLE STATEMENT
Title General certificate English /
Statement of responsibility, etc Alan Etherton
250 ## - EDITION STATEMENT
Edition statement 4th ed.
260 ## - PUBLICATION, DISTRIBUTION, ETC. (IMPRINT)
Place of publication, distribution, etc United Kingdom :
Date of publication, distribution, etc 1983
Name of publisher, distributor, etc Walton on Thames &c,
300 ## - PHYSICAL DESCRIPTION
Pagination 200 P. :
Other physical details ill. ;
Dimensions 22 cm.
650 ## - SUBJECT ADDED ENTRY--TOPICAL TERM
Topical term or geographic name as entry element English language
General subdivision Study and teaching (Secondary)--Foreign speakers
942 ## - ADDED ENTRY ELEMENTS (KOHA)
Source of classification or shelving scheme Dewey Decimal Classification
Koha item type Books
Holdings
Source of classification or shelving scheme Damaged status Not for loan Home library Current library Shelving location Date of accession Total Checkouts Full call number Barcode Date last seen Copy number Koha item type
Dewey Decimal Classification     JCC Rouf Library JCC Rouf Library General Stacks 03/03/2018   428.24 ETH 1983 11533 03/01/2018 C - 1 Books
Dewey Decimal Classification     JCC Rouf Library JCC Rouf Library General Stacks 03/03/2018   428.24 ETH 1983 11485 03/03/2018 C-2 Books

JCC Library | Contacts | JCC Home

Last Update on 23 September 2017
Copyright @ 2017-2020 JCC Rouf Library
Rouf Library, Jhenidah Cadet College (JCC), Bangladesh